AC/DC high-voltage Rock 'n' Roll : the ultimate illustrated history

Bibliographic Details
Main Author: Sutcliffe, Phil
Format: Book
Published: Minneapolis : Voyageur Press , 2010
Subjects:

MARC

LEADER 00000cam a2200000 7i4500
001 0000161571
005 20121025.0
020 |a 9780760338322 
090 0 0 |a 782.42166092   |b SUT 
100 1 |a Sutcliffe, Phil 
245 1 0 |a AC/DC high-voltage Rock 'n' Roll :   |b the ultimate illustrated history   |c Phil Sutcliffe 
260 |a Minneapolis :   |b Voyageur Press ,   |c 2010 
300 |a 223p. ;   |c 29cm. 
650 0 0 |a Rock musicians   |z Australia   |x Biography 
999 |a 00265157   |b BUKU   |c RUJUKAN   |e PERPUSTAKAAN KOMUNITI PETALING JAYA